000 00310nam a22001457a 4500
020 _a81-8022-010-9
082 _a920
_bDEO/W
100 _aDEO,SUBHASH G.
245 _aWRIGHT BROTHERS
250 _aFIRST
260 _aDELHI
_bPRIORITY PUBLICATION
300 _a74
650 _aBIOGRAPHY
_zDELHI
942 _cBK
999 _c6377
_d6377